00881cam a2200229Ia 4500008004100000020002200041245009100063246005500154260003200209300003600241500008300277504004100360650004900401650002600450700002100476700002100497710002700518710007900545003000100624005001700625040000900642  a1844072185 (pbk.)00aInnovation :bapplying knowledge in development /cCalestous Juma and Lee Yee-Cheong.38aTask Force on Science, Technology, and Innovation. aLondon :bEarthscan,c2005. axxiii, 194 p. :bill. ;c26 cm. a"UN Millennium Project Task Force on Science, Technology, and Innovation 2005" aIncludes bibliographical references. 0aTechnological innovationsxEconomic aspects. 0aEconomic development.1 aJuma, Calestous.1 aYee-Cheong, Lee.2 aUN Millennium Project.2 aUN Millennium Project.bTask Force on Science, Technology, and Innovation.20230123134424.0 cNUST